NHL Top 5 Draft Picks (2010-Present) - Statistics

General Stats
  • This quiz has been taken 119 times
    84 since last reset
  • The average score is 52 of 70
Answer Stats
Hint Pos. Drafted Team Current Team Answer % Correct
2010 LW Edmonton Oilers Chicago Blackhawks Taylor Hall
96%
2016 C Toronto Maples Leafs Toronto Maple Leafs Auston Matthews
94%
LW Colorado Avalanche Colorado Avalanche Gabriel Landeskog
94%
2019 C New Jersey Devils New Jersey Devils Jack Hughes
94%
D New Jersey Devils New Jersey Devils Luke Hughes
94%
2011 C Edmonton Oilers Edmonton Oilers Ryan Nugent-Hopkins
94%
2015 C Edmonton Oilers Edmonton Oilers Connor McDavid
92%
C Buffalo Sabres Vegas Golden Knights Jack Eichel
92%
2014 D Florida Panthers Florida Panthers Aaron Ekblad
91%
C Florida Panthers Florida Panthers Aleksander Barkov
91%
D Colorado Avalanche Colorado Avalanche Cale Makar
91%
2023 C Chicago Blackhawks Chicago Blackhawks Connor Bedard
91%
C Edmonton Oilers Edmonton Oilers Leon Draisaitl
91%
RW Toronto Maple Leafs Toronto Maple Leafs Mitch Marner
91%
2017 C New Jersey Devils New Jersey Devils Nico Hischier
91%
2018 D Buffalo Sabres Buffalo Sabres Rasmus Dahlin
91%
2013 C Colorado Avalanche Colorado Avalanche Nathan MacKinnon
89%
LW Ottawa Senators Ottawa Senators Brady Tkachuk
87%
2012 RW Edmonton Oilers Avangard Omsk (KHL) Nail Yakupov
87%
2021 D Buffalo Sabres Buffalo Sabres Owen Power
87%
RW Winnipeg Jets Columbus Blue Jackets Patrik Laine
87%
C Boston Bruins Dallas Stars Tyler Seguin
87%
RW Carolina Hurricanes Carolina Hurricanes Andrei Svechnikov
85%
D Columbus Blue Jackets Chicago Blackhawks Seth Jones
85%
2020 LW New York Rangers New York Rangers Alexis Lafreniere
83%
2022 LW Montreal Canadiens Montreal Canadiens Juraj Slafkovsky
83%
LW Ottawa Senators Ottawa Senators Tim Stuetzle
83%
C Vancouver Canucks Vancouver Canucks Elias Pettersson
81%
C Seattle Kraken Seattle Kraken Matthew Beniers
81%
C Los Angeles Kings Los Angeles Kings Quinton Byfield
81%
D New York Islanders FA Griffin Reinhart
79%
C Columbus Blue Jackets Columbus Blue Jackets Kent Johnson
79%
C Chicago Blackhawks Montreal Canadiens Kirby Dach
79%
D Dallas Stars Dallas Stars Miro Heiskanen
79%
C Buffalo Sabres Florida Panthers Sam Reinhart
79%
C Florida Panthers Calgary Flames Jonathan Huberdeau
77%
RW New York Rangers New York Rangers Kaapo Kakko
77%
C Anaheim Ducks Anaheim Ducks Leo Carlsson
77%
C Arizona Coyotes Washington Capitals Dylan Strome
74%
C Montreal Canadiens Carolina Hurricanes Jesperi Kotkaniemi
74%
D Carolina Hurricanes Calgary Flames Noah Hanifin
74%
LW Columbus Blue Jackets Los Angeles Kings Pierre-Luc Dubois
74%
C New York Islanders Anaheim Ducks Ryan Strome
74%
C San Jose Sharks San Jose Sharks William Smith
74%
C Columbus Blue Jackets Columbus Blue Jackets Adam Fantilli
72%
D Toronto Maple Leafs Toronto Maple Leafs Morgan Rielly
72%
D Colorado Avalanche Colorado Avalanche Bowen Byram
70%
LW Tampa Bay Lightning Colorado Avalanche Jonathan Drouin
70%
C Philadelphia Flyers Vegas Golden Knights Nolan Patrick
70%
C Seattle Kraken Seattle Kraken Shane Wright
70%
D New Jersey Devils New Jersey Devils Simon Nemec
70%
LW Detroit Red Wings Detroit Red Wings Lucas Raymond
66%
C Anaheim Ducks Anaheim Ducks Mason McTavish
66%
D Ottawa Senators Ottawa Senators Jake Sanderson
62%
C Arizona Coyotes Arizona Coyotes Logan Cooley
62%
D New Jersey Devils Seattle Kraken Adam Larsson
60%
RW Edmonton Oilers FA Jesse Puljujarvi
60%
C Calgary Flames Florida Panthers Sam Bennett
60%
C Los Angeles Kings Los Angeles Kings Alex Turcotte
57%
C Carolina Hurricanes Calgary Flames Elias Lindholm
53%
C Montreal Canadiens Arizona Coyotes Alex Galchenyuk
51%
C Arizona Coyotes Arizona Coyotes Barrett Hayton
51%
LW Philadelphia Flyers Philadelphia Flyers Cutter Gauthier
47%
D Montreal Canadiens Montreal Canadiens David Reinbacher
47%
D Columbus Blue Jackets FA Ryan Murray
47%
D Vancouver Canucks Anaheim Ducks Olli Juolevi
45%
D Florida Panthers Columbus Blue Jackets Erik Gudbranson
40%
LW New York Islanders HC TPS (Liiga) Michael Dal Colle
30%
LW New York Islanders Winnipeg Jets Nino Niederreiter
26%
C Columbus Blue Jackets Colorado Avalanche Ryan Johansen
26%
No matching quizzes found
Score Distribution
Percent of People with Each Score
Percentile by Number Answered
Your Score History
You have not taken this quiz since the last reset